000 nam a22 a 4500
999 _c1833
_d1833
003 AKMAL
005 20170512100833.0
008 170512s1987 my 00 eng d
020 _a9679781712 (kkt.):
_cRM 15.90
040 _aAKMAL
_cAKMAL
082 0 4 _a340.1 VIJ
090 0 0 _a340.1
_bVIJ
100 1 _aVijandran, D. P.
_93799
245 1 0 _aLaw for Malaysian managers /
_cD.P. Vijandran
260 _aPetaling Jaya :
_bPelanduk Pub.,
_c1987
300 0 0 _a200p. ;
_c22cm
650 0 _aBusiness law
_zMalaysia
_93800
650 0 _aExecutives
_zMalaysia
_93801
650 0 _aCommercial law
_zMalaysia
_93703
942 _2ddc
_cBOOK